Kontrola
Gespeichert in:
| 1. Verfasser: | |
|---|---|
| Körperschaft: | |
| Weitere Verfasser: | , |
| Format: | Buch |
| Sprache: | Slowakisch |
| Veröffentlicht: |
Bratislava
Vydavateľstvo EKONÓM
2005
|
| Schlagworte: | |
| Tags: |
Keine Tags, Fügen Sie das erste Tag hinzu!
|
MARC
| LEADER | 00000nam$a2200000$$$4500 | ||
|---|---|---|---|
| 001 | 0035963 | ||
| 005 | 20240502071449.7 | ||
| 020 | |a 80-225-2029-2 | ||
| 041 | 0 | |a slo | |
| 044 | |a SK | ||
| 245 | 1 | 0 | |a Kontrola |c Jan Kráčmar, Pavol Oravský, Pavel Zimmerhakl |
| 264 | 1 | |a Bratislava |b Vydavateľstvo EKONÓM |c 2005 | |
| 300 | |a 166 s. | ||
| 610 | 2 | 0 | |a kontrola |
| 610 | 2 | 0 | |a manažment |
| 610 | 2 | 0 | |a manažéri |
| 610 | 2 | 0 | |a riadenie |
| 610 | 2 | 0 | |a metódy kontroly |
| 610 | 2 | 0 | |a audit interný |
| 610 | 2 | 0 | |a audítori |
| 610 | 2 | 0 | |a správa štátna |
| 610 | 2 | 0 | |a samospráva |
| 100 | 1 | |a Kráčmar, Ján | |
| 700 | 1 | |a Oravský, Pavol | |
| 700 | 1 | |a Zimmerhakl, Pavel | |
| 710 | 2 | |a Ekonomická univerzita v Bratislave. Fakulta podnikového manažmentu | |